000 00895nam a2200121Ia 4500
008 220620s9999||||xx |||||||||||||| ||und||
100 _aMoebius, Stephan
245 0 _aSociology in Germany
_bA History
546 _aEnglish[eng]
650 _aSocial Sciences, general||Sociology, general||History of Germany and Central Europe||Social Choice/Welfare Economics/Public Choice/Political Economy||Cultural History||Sociology||History of Sociology||Social Choice and Welfare||German Democratic Republic||The Frankfurt School||The Marburg School||German Empire||fascism||Weimar Republic||Open Access||West Germany||theory-boom||anti-sociology||Marxist-Leninist||gender turn||hyphen sociologies||Society & Social Sciences||European history||Economic theory & philosophy||Social & cultural history
856 _uhttps://library.oapen.org/bitstream/20.500.12657/50033/1/978-3-030-71866-4.pdf
942 _cEB
999 _c35065
_d35065